Amérique latine: les surprises de la démocratie /
En el artículo se comenta sobre la llegada al poder de población indígena, se propone el dilema latinoamericano de politizar la etnia o viceversa, tomando en cuenta que las diferencias étnicas no constituyen una amenaza para la unión y la cohesión nacional. Se expone además que a finales del siglo X...
Guardat en:
| Autor principal: | |
|---|---|
| Altres autors: | |
| Format: | Text |
| Matèries: | |
| Etiquetes: |
Afegir etiqueta
Sense etiquetes, Sigues el primer a etiquetar aquest registre!
|
MARC
| LEADER | 00000 a a2200000 04500 | ||
|---|---|---|---|
| 001 | 37329 | ||
| 003 | |||
| 040 | |||
| 090 | |a 0002 A512a | ||
| 100 | |a Couffignal, Georges | ||
| 245 | |a Amérique latine: les surprises de la démocratie / |c Georges Couffignal | ||
| 300 | |a 206 p. | ||
| 520 | |a En el artículo se comenta sobre la llegada al poder de población indígena, se propone el dilema latinoamericano de politizar la etnia o viceversa, tomando en cuenta que las diferencias étnicas no constituyen una amenaza para la unión y la cohesión nacional. Se expone además que a finales del siglo XX una serie de eventos han conducido a la opinión pública internacional a descubrir la presencia de nuevas organizaciones indígenas | ||
| 650 | |a ETNICIDAD | ||
| 650 | |a POLITICA | ||
| 650 | |a POBLACION INDIGENA | ||
| 650 | |a SOCIEDAD | ||
| 650 | |a AMERICA LATINA | ||
| 700 | |a dir. | ||
| 999 | |c 8452 |d 8452 | ||
